00613nam a2200193Ia 4500001001000000003000500010008004100015010001100056040000900067082001900076100003100095245012400126260003100250300001100281650001500292650001600307700002300323710007300346Para_6099CHAP220125s1979 xx 000 0 und d a204879 cCHAP aPA 589.225 L46 aLeón Gallegos, Hector M. aDescripción de uredinales (royas) de México en las compuestas /c por Hector M. León Gallegos, George B. Cummins aMéxico :b INIA. CIAPAN a154 p. aCompuestas aUredinales  aCunnins, George B. aInstituto Nacional de Investigaciones Agrícolas (México) CIAPAN